[Event "Dresden ZMD op"]
[Site "Dresden"]
[Date "2005.07.24"]
[Round "2"]
[White "Moradiabadi, Elshan"]
[Black "Hartmann, Tom"]
[Result "1-0"]
[WhiteElo "2485"]
[BlackElo "2008"]
[PlyCount "53"]
[EventDate "2005.07.23"]
[EventType "swiss"]
[EventRounds "9"]
[EventCountry "GER"]
[SourceTitle "EXT 2006"]
[Source "ChessBase"]
[SourceDate "2005.11.24"]
[SourceVersion "1"]
[SourceVersionDate "2005.11.24"]
[SourceQuality "1"]

1. e4 e5 2. Nf3 Nc6 3. Bb5 a6 4. Ba4 Nf6 5. d3 b5 6. Bb3 Be7 7. a4 Bb7 8. Nc3 b4 9. Nd5 Nxd5 10. Bxd5 d6 11. 0-0 Na5 12. Bxb7 Nxb7 13. d4 Bf6 14. dxe5 dxe5 15. Qe2 0-0 16. b3 Qe7 17. Bb2 Nd8 18. Rfd1 Ne6 19. g3 Ng5 20. Nxg5 Bxg5 21. Rd5 f6 22. Rad1 Rfd8 23. Qc4 Kh8 24. Qxa6 h5 25. Rxd8+ Rxd8 26. Rxd8+ Qxd8 27. Qd3 1-0

[Event "GER-ch Lands U20"]
[Site "Kassel"]
[Date "2003.10.19"]
[Round "1.4"]
[White "Hartmann, Tom"]
[Black "Haecker, Sonja"]
[Result "1-0"]
[WhiteElo "2008"]
[BlackElo "2028"]
[PlyCount "107"]
[EventDate "2003.10.19"]
[EventType "team"]
[EventRounds "7"]
[EventCountry "GER"]
[SourceTitle "EXT 2004"]
[Source "ChessBase"]
[SourceDate "2003.11.25"]
[SourceVersion "1"]
[SourceVersionDate "2003.11.25"]
[SourceQuality "1"]

1. e4 c5 2. Nf3 Nc6 3. d4 cxd4 4. Nxd4 Nf6 5. Nc3 d6 6. Bg5 e6 7. Qd2 Be7 8. 0-0-0 0-0 9. Bc4 Nxd4 10. Qxd4 Qa5 11. f4 Rd8 12. Kb1 Bd7 13. Rhe1 Bc6 14. Bb3 Rd7 15. g3 Rc8 16. Qd3 b5 17. f5 exf5 18. exf5 b4 19. Bxf6 Bxf6 20. Nd5 Bxd5 21. Qxd5 Qd8 22. Ba4 Re7 23. Rxe7 Bxe7 24. Bb3 Qf8 25. Qb7 a5 26. Re1 Bf6 27. Bxf7+ Kh8 28. Re6 Rd8 29. Bh5 Be5 30. Qf7 Qxf7 31. Bxf7 Rf8 32. Kc1 Rc8 33. b3 Rf8 34. Kd2 Rc8 35. Re8+ Rxe8 36. Bxe8 Kg8 37. Kd3 Kf8 38. Bc6 Bf6 39. Kc4 Bd8 40. c3 bxc3 41. Kxc3 Bb6 42. b4 axb4+ 43. Kxb4 Ke7 44. a4 Kd8 45. a5 Bc5+ 46. Kc4 Ke7 47. Kd5 h6 48. g4 Kd8 49. a6 Kc7 50. h4 Kb6 51. Bb7 Bf2 52. g5 Bxh4 53. f6 gxf6 54. g6 1-0